000 00415nam a2200157Ia 4500
008 160316s1968 xxu||||| |||| 00| 0 eng d
082 _a341.481000
_bKID
100 _aKidd Sheila
245 _aSome suggestions on teaching about human rights
250 _a
260 _aGeneva
_bUNESCO
_c1968
300 _a154
_b
_c
365 _b
650 _a1.International Law - Human Rights - Training Manual
700 _a
_a
999 _c9641
_d9641